MARC

LEADER 00000nam0a2200000 4500
001 363657
005 20231102011618.0
035 |a (RuTPU)RU\TPU\retro\21004 
090 |a 363657 
100 |a 20211006d1979 m y0rusy50 ca 
101 0 |a rus 
102 |a RU 
105 |a a z 001za 
200 1 |a О времени и о себе  |f Б. И. Пророков  |g авт. предисл. Ю. Жуков 
210 |a Москва  |c Изобразительное искусство  |d 1979 
215 |a 448 с.  |c ил. 
320 |a Примечания: с. 439-442 
600 1 |a Пророков  |b Б. И.  |c график, народный художник СССР  |f 1911-1972  |g Борис Иванович  |2 stltpush  |3 (RuTPU)RU\TPU\pers\38038  |9 20635 
606 1 |a Граверы  |2 stltpush  |3 (RuTPU)RU\TPU\subj\8408  |9 35823 
610 1 |a изобразительное искусство 
610 1 |a графика 
610 1 |a художники 
610 1 |a воспоминания 
610 1 |a автобиографическая проза 
610 1 |a дневники 
675 |a 76.071  |v 4 
700 1 |a Пророков  |b Б. И.  |c график, народный художник СССР  |f 1911-1972  |g Борис Иванович  |2 stltpush  |3 (RuTPU)RU\TPU\pers\38038  |9 20635 
702 1 |a Жуков  |b Ю.  |4 080 
801 1 |a RU  |b 63413507  |c 20211006 
801 2 |a RU  |b 63413507  |c 20211006  |g RCR 
942 |c BK